[Event "4NCL/Div4/HC vs. WEA2"]
[Site "Birmingham ENG"]
[Date "2006.09.23"]
[Round "1.1"]
[White "Tavoularis, Nicholas"]
[Black "Bayliss, Lyall C P"]
[Result "1-0"]
[WhiteElo "2230"]
[BlackElo "2000"]
[PlyCount "63"]
[EventDate "2006.09.23"]
[EventType "team"]
[EventRounds "11"]
[EventCountry "ENG"]
[WhiteTeam "H Coventry"]
[BlackTeam "W Collective 2"]

1. e4 e5 2. Nf3 Nc6 3. Bc4 Bc5 4. c3 Nf6 5. Qe2 O-O 6. b4 Bb6 7. O-O d6 8. h3
Nh5 9. d3 Nf4 10. Bxf4 exf4 11. Nbd2 Ne5 12. Bb3 a6 13. Nxe5 dxe5 14. Nc4 Qg5
15. Qf3 Ba7 16. Kh2 b5 17. Na5 c5 18. Bd5 Rb8 19. Nc6 Rb7 20. Nxa7 Rxa7 21.
bxc5 Qe7 22. d4 Rc7 23. a4 Bb7 24. Bxb7 Rxb7 25. axb5 axb5 26. c6 Rb6 27. d5
Rd8 28. Rfd1 f6 29. Qd3 Qc7 30. Qc2 Kf7 31. Qa2 Ke7 32. Qa7 1-0

[Event "4NCL/Div4/HC vs. WEA2"]
[Site "Birmingham ENG"]
[Date "2006.09.23"]
[Round "1.3"]
[White "Forman, Karl L"]
[Black "Jones, William"]
[Result "1-0"]
[WhiteElo "2029"]
[BlackElo "1865"]
[PlyCount "67"]
[EventDate "2006.09.23"]
[EventType "team"]
[EventRounds "11"]
[EventCountry "ENG"]
[WhiteTeam "H Coventry"]
[BlackTeam "W Collective 2"]

1. e4 c5 2. d4 cxd4 3. c3 Nf6 4. e5 Nd5 5. Nf3 e6 6. cxd4 Qc7 7. Be2 d6 8. O-O
Nd7 9. Na3 dxe5 10. Nb5 Qb8 11. dxe5 a6 12. Nd6+ Bxd6 13. exd6 Qxd6 14. b3 O-O
15. Bb2 b5 16. Qd4 f6 17. Rfd1 Bb7 18. Qg4 Rfe8 19. Rac1 Qf4 20. Qh3 Qe4 21.
Bd3 Nf4 22. Bxe4 Nxh3+ 23. Kf1 Bxe4 24. Rxd7 Bxf3 25. Rcc7 Red8 26. Rxg7+ Kf8
27. gxf3 b4 28. Bxf6 Rdc8 29. Rcf7+ Ke8 30. Re7+ Kf8 31. Rxh7 Rc1+ 32. Kg2 Nf4+
33. Kg3 Ne2+ 34. Kh4 1-0

[Event "4NCL/Div4/HC vs. WEA2"]
[Site "Birmingham ENG"]
[Date "2006.09.23"]
[Round "1.4"]
[White "Jones, Victor"]
[Black "Alcock, Graham P"]
[Result "1-0"]
[WhiteElo "1830"]
[BlackElo "1935"]
[PlyCount "69"]
[EventDate "2006.09.23"]
[EventType "team"]
[EventRounds "11"]
[EventCountry "ENG"]
[WhiteTeam "W Collective 2"]
[BlackTeam "H Coventry"]

1. e4 e5 2. Nf3 Nc6 3. Bb5 Bc5 4. c3 d6 5. d4 exd4 6. cxd4 Bb4+ 7. Bd2 Bxd2+ 8.
Nbxd2 a6 9. Ba4 b5 10. Bb3 Nge7 11. Ng5 d5 12. exd5 Nxd4 13. d6 Nxb3 14. Qxb3
O-O 15. dxe7 Qxe7+ 16. Qe3 Qf6 17. O-O Bb7 18. Nge4 Bxe4 19. Nxe4 Qxb2 20. Qc3
Qxc3 21. Nxc3 c5 22. Rac1 c4 23. Rb1 Rab8 24. Rfc1 Rfc8 25. Rb4 Kf8 26. Rcb1
Rd8 27. a4 Rd3 28. Rc1 Re8 29. Kf1 Re5 30. axb5 axb5 31. Rxb5 Re6 32. Rc5 Rh6
33. h3 Rf6 34. Rxc4 Rd2 35. Ne4 1-0

[Event "4NCL/Div4/HC vs. WEA2"]
[Site "Birmingham ENG"]
[Date "2006.09.23"]
[Round "1.5"]
[White "Dale, Hannah"]
[Black "Maguire, Robert"]
[Result "0-1"]
[WhiteElo "1890"]
[BlackElo "1795"]
[PlyCount "110"]
[EventDate "2006.09.23"]
[EventType "team"]
[EventRounds "11"]
[EventCountry "ENG"]
[WhiteTeam "H Coventry"]
[BlackTeam "W Collective 2"]

1. c4 e6 2. Nc3 Nc6 3. g3 Nf6 4. Bg2 d5 5. cxd5 exd5 6. d3 Bb4 7. a3 Ba5 8. b4
Bb6 9. Bg5 Bd4 10. Rc1 Bxf2+ 11. Kf1 Be6 12. Nf3 Bd4 13. b5 Ng4 14. bxc6 Qxg5
15. Nxg5 Ne3+ 16. Ke1 Nxg2+ 17. Kd2 Be3+ 18. Kc2 Bxg5 19. Qg1 Ne3+ 20. Kb1 bxc6
21. h4 Rb8+ 22. Ka1 Bh6 23. Nd1 d4 24. Nxe3 Bxe3 25. Rb1 O-O 26. Qe1 Bb3 27.
Rb2 Rb6 28. Qa5 Bd5 29. Rhb1 Bf2 30. g4 Bxh4 31. Qxa7 Bd8 32. Qa4 c5 33. Rc1
Bc6 34. Qa5 Bd7 35. Rg1 Rc6 36. g5 Be7 37. Qd2 Ra6 38. Kb1 Rxa3 39. Ra2 Rxa2
40. Qxa2 g6 41. Qa7 Bd6 42. Qb7 Be6 43. Qf3 Bf5 44. Qf2 f6 45. gxf6 Rxf6 46.
Qg2 Kg7 47. Rh1 c4 48. Kc2 cxd3+ 49. exd3 Bd7 50. Qg5 Bf4 51. Qd5 Bc6 52. Rxh7+
Kxh7 53. Qxd4 Rf5 54. Qb4 Bd6 55. Qh4+ Rh5 0-1

[Event "4NCL/Div4/HAL vs. GREN"]
[Site "Birmingham ENG"]
[Date "2006.09.23"]
[Round "1.1"]
[White "Walker, Nicholas A"]
[Black "Osborne, David C"]
[Result "1-0"]
[WhiteElo "2115"]
[BlackElo "2135"]
[PlyCount "85"]
[EventDate "2006.09.23"]
[EventType "team"]
[EventRounds "11"]
[EventCountry "ENG"]
[WhiteTeam "Halesowen"]
[BlackTeam "Grendels Mother"]

1. e4 c5 2. d4 cxd4 3. Nf3 e6 4. c3 Nf6 5. e5 Nd5 6. Bc4 Nb6 7. Bb3 dxc3 8.
Nxc3 d5 9. exd6 Bxd6 10. O-O O-O 11. Qe2 Nc6 12. Rd1 Qe7 13. Bg5 f6 14. Be3 Bc7
15. Nb5 Re8 16. Rac1 Kh8 17. Bc5 Qf7 18. Bd6 Bd8 19. Bf4 Qg8 20. Bc7 Nd5 21.
Bxd8 Rxd8 22. Nfd4 Bd7 23. Nf5 a6 24. Nc3 Qf8 25. Nxd5 exd5 26. Nh4 d4 27. Rd3
g5 28. Nf3 Bf5 29. Rd2 Re8 30. Qc4 Rac8 31. Qc5 Qxc5 32. Rxc5 Bg4 33. Kf1 Bxf3
34. gxf3 Re5 35. Rc4 h5 36. Rc1 Ree8 37. Rdc2 Ne7 38. Rxc8 Rxc8 39. Rxc8+ Nxc8
40. Ke2 Nd6 41. Kd3 Nf5 42. Be6 Nh4 43. Bd5 1-0

[Event "4NCL/Div4/HAL vs. GREN"]
[Site "Birmingham ENG"]
[Date "2006.09.23"]
[Round "1.2"]
[White "Bass, John W"]
[Black "Doran, Michael J"]
[Result "1/2-1/2"]
[WhiteElo "2095"]
[BlackElo "2005"]
[PlyCount "58"]
[EventDate "2006.09.23"]
[EventType "team"]
[EventRounds "11"]
[EventCountry "ENG"]
[WhiteTeam "Grendels Mother"]
[BlackTeam "Halesowen"]

1. d4 Nf6 2. Nf3 e6 3. c4 Bb4+ 4. Nbd2 b6 5. g3 Bb7 6. Bg2 O-O 7. O-O c5 8.
dxc5 Bxc5 9. a3 a5 10. Nb3 Be7 11. Nbd4 Na6 12. b3 Ne4 13. Bb2 f5 14. e3 Bf6
15. Qe2 Qe7 16. Rfd1 Nac5 17. Rab1 Nd6 18. Nd2 Bxg2 19. Kxg2 e5 20. Nc2 Qf7 21.
f3 Rae8 22. e4 Qh5 23. b4 Ncxe4 24. Nxe4 fxe4 25. g4 exf3+ 26. Qxf3 Qg6 27. Ne3
Bh4 28. Qd5+ Kh8 29. Rf1 Nf7 1/2-1/2

[Event "4NCL/Div4/HAL vs. GREN"]
[Site "Birmingham ENG"]
[Date "2006.09.23"]
[Round "1.3"]
[White "Pugh, Glyn D"]
[Black "Hardy, Roger"]
[Result "1/2-1/2"]
[WhiteElo "2000"]
[BlackElo "2033"]
[PlyCount "32"]
[EventDate "2006.09.23"]
[EventType "team"]
[EventRounds "11"]
[EventCountry "ENG"]
[WhiteTeam "Halesowen"]
[BlackTeam "Grendels Mother"]

1. e4 c6 2. d4 d5 3. e5 Bf5 4. Nc3 e6 5. g4 Bg6 6. Nf3 Nd7 7. Be3 h5 8. g5 h4
9. Bd3 Ne7 10. Ne2 Bxd3 11. Qxd3 g6 12. O-O-O Nf5 13. Bd2 a5 14. c4 dxc4 15.
Qxc4 Nb6 16. Qc2 Qd5 1/2-1/2

[Event "4NCL/Div4/HAL vs. GREN"]
[Site "Birmingham ENG"]
[Date "2006.09.23"]
[Round "1.4"]
[White "Littlejohns, David P"]
[Black "Bull, Philip"]
[Result "1/2-1/2"]
[WhiteElo "2081"]
[BlackElo "1915"]
[PlyCount "71"]
[EventDate "2006.09.23"]
[EventType "team"]
[EventRounds "11"]
[EventCountry "ENG"]
[WhiteTeam "Grendels Mother"]
[BlackTeam "Halesowen"]

1. e4 c5 2. Nc3 a6 3. a4 e6 4. g3 Ne7 5. Bg2 Nbc6 6. d3 Ng6 7. f4 d6 8. Nf3 Be7
9. O-O h5 10. h4 Bd7 11. Ne2 Bf6 12. c3 Rc8 13. Be3 Na5 14. Kh1 b6 15. Neg1 Bc6
16. Nh3 Qd7 17. Nhg5 Nf8 18. Kh2 Nb7 19. Bh3 Nd8 20. d4 Qb7 21. d5 Bd7 22. dxe6
Ndxe6 23. e5 Bxg5 24. Nxg5 Nxg5 25. Bxd7+ Qxd7 26. fxg5 dxe5 27. Qe2 a5 28. Bf4
f6 29. Rae1 Ng6 30. Qe4 Nxf4 31. gxf4 Qg4 32. fxe5 Qxe4 33. Rxe4 fxg5 34. hxg5
Rd8 35. Re2 Rf8 36. Rxf8+ 1/2-1/2

[Event "4NCL/Div4/HAL vs. GREN"]
[Site "Birmingham ENG"]
[Date "2006.09.23"]
[Round "1.5"]
[White "Pitt, Chris W"]
[Black "Bromilow, Edward"]
[Result "0-1"]
[WhiteElo "1885"]
[BlackElo "1965"]
[PlyCount "88"]
[EventDate "2006.09.23"]
[EventType "team"]
[EventRounds "11"]
[EventCountry "ENG"]
[WhiteTeam "Halesowen"]
[BlackTeam "Grendels Mother"]

1. e4 c6 2. d4 d5 3. exd5 cxd5 4. c4 Nf6 5. Nc3 e6 6. Nf3 Bb4 7. a3 Bxc3+ 8.
bxc3 O-O 9. Bg5 Nbd7 10. Bd3 dxc4 11. Bxc4 Qc7 12. Qb3 Ne4 13. Rc1 Nxg5 14.
Nxg5 Nf6 15. O-O h6 16. Nf3 b6 17. Ne5 Bb7 18. Rfe1 Nd5 19. Red1 Rac8 20. Rd3
f6 21. Ng6 Qxc4 22. Qxc4 Rxc4 23. Nxf8 Kxf8 24. Kf1 Ba6 25. Ke1 Ra4 26. Rdd1
Ke7 27. Ra1 Nxc3 28. Rdc1 Nd5 29. Rd1 Kd6 30. g3 Rc4 31. Rac1 b5 32. Ra1 Nc3
33. Rd3 Kd5 34. f3 Na4 35. Rb1 Rc2 36. h3 Rh2 37. Rc1 b4 38. Rb3 Re2+ 39. Kd1
Nb2+ 40. Rxb2 Rxb2 41. axb4 Bc4 42. Ra1 a6 43. Kc1 Rh2 44. h4 Rh1+ 0-1

[Event "4NCL/Div4/HAL vs. GREN"]
[Site "Birmingham ENG"]
[Date "2006.09.23"]
[Round "1.6"]
[White "Hibbitt, Arthur M"]
[Black "Peck, Windsor W"]
[Result "1-0"]
[WhiteElo "1895"]
[BlackElo "1860"]
[PlyCount "131"]
[EventDate "2006.09.23"]
[EventType "team"]
[EventRounds "11"]
[EventCountry "ENG"]
[WhiteTeam "Grendels Mother"]
[BlackTeam "Halesowen"]

1. Nf3 d5 2. g3 b6 3. Bg2 Bb7 4. O-O Nf6 5. d3 e6 6. Nbd2 Nbd7 7. Re1 Be7 8. e4
dxe4 9. dxe4 c5 10. c3 Qc7 11. Qe2 O-O 12. e5 Ng4 13. h3 Nh6 14. Nf1 Nf5 15.
N1h2 Rad8 16. Bf4 Qc8 17. g4 Nh6 18. Qe3 Kh8 19. Bxh6 gxh6 20. Qxh6 Rg8 21. g5
Rg6 22. Qh5 Rdg8 23. h4 c4 24. Ng4 R8g7 25. Re2 Bd5 26. Ne1 Bxg2 27. Nxg2 f6
28. Nf4 Rxg5 29. hxg5 Rxg5 30. Qh3 f5 31. f3 Nc5 32. Rh2 Qg8 33. Rg2 fxg4 34.
Rxg4 Ne4 35. Ne2 Rxg4+ 36. Qxg4 Qxg4+ 37. fxg4 Ng5 38. Nd4 Bc5 39. Kg2 Kg7 40.
Rf1 a6 41. Rf6 Bxd4 42. cxd4 b5 43. Kf1 a5 44. Ke2 b4 45. Rf1 c3 46. bxc3 Ne4
47. cxb4 Nc3+ 48. Kd3 axb4 49. a3 Nd5 50. axb4 Nxb4+ 51. Kc4 Nd5 52. Kc5 Nc3
53. Kd6 Nb5+ 54. Kxe6 Nxd4+ 55. Kd7 Nb3 56. Ke7 Kg6 57. Rf8 h6 58. Rg8+ Kh7 59.
Kf7 Nd4 60. g5 hxg5 61. Rxg5 Kh6 62. Kf6 Nb5 63. Rg1 Kh7 64. e6 Nd6 65. e7 Ne8+
66. Kf7 1-0

[Event "4NCL/Div4/PPA2 vs. LMAO2"]
[Site "Birmingham ENG"]
[Date "2006.09.23"]
[Round "1.1"]
[White "Dunn, Andrew"]
[Black "Walker, Samuel"]
[Result "1-0"]
[WhiteElo "2199"]
[BlackElo "1910"]
[PlyCount "107"]
[EventDate "2006.09.23"]
[EventType "team"]
[EventRounds "11"]
[EventCountry "ENG"]
[WhiteTeam "Poisnd Pawns 2"]
[BlackTeam "London Mstrs 2"]

1. d4 Nf6 2. Nf3 g6 3. Bg5 Ne4 4. Bf4 c5 5. Nbd2 Qa5 6. c3 Nxd2 7. Qxd2 Bg7 8.
d5 d6 9. e4 b5 10. Be2 Nd7 11. O-O O-O 12. Bh6 Bb7 13. Bxg7 Kxg7 14. b4 Qb6 15.
Rab1 c4 16. a4 Nf6 17. a5 Qc7 18. Qe3 e6 19. dxe6 fxe6 20. Nd4 Qd7 21. Bf3 Rae8
22. Rbd1 d5 23. e5 Ng8 24. Bg4 a6 25. f4 Nh6 26. Bh3 Nf5 27. Bxf5 gxf5 28. Rf3
Kh8 29. Rdf1 Rg8 30. Rg3 Rxg3 31. Qxg3 Rg8 32. Qh3 Qf7 33. Rf3 Rg4 34. Qh6 Bc8
35. Rg3 Qg7 36. Qxg7+ Rxg7 37. Kf2 Rxg3 38. Kxg3 Bd7 39. Kh4 Kg7 40. h3 Kg6 41.
g4 h6 42. gxf5+ exf5 43. Kg3 Be8 44. Kf3 Bd7 45. Ke3 Kf7 46. Nc2 Ke7 47. Kd4
Bc6 48. Kc5 Bb7 49. Kb6 Bc8 50. Kc7 Bd7 51. Nd4 Be6 52. Kb7 Bd7 53. Kxa6 Be8
54. Kb7 1-0

[Event "4NCL/Div4/PPA2 vs. LMAO2"]
[Site "Birmingham ENG"]
[Date "2006.09.23"]
[Round "1.2"]
[White "Kenyon, Scott J M"]
[Black "Goodger, Martyn"]
[Result "1/2-1/2"]
[WhiteElo "1774"]
[BlackElo "2128"]
[PlyCount "71"]
[EventDate "2006.09.23"]
[EventType "team"]
[EventRounds "11"]
[EventCountry "ENG"]
[WhiteTeam "London Mstrs 2"]
[BlackTeam "Poisnd Pawns 2"]

1. e4 d5 2. exd5 Qxd5 3. Nc3 Qd6 4. g3 Nf6 5. Bg2 Nc6 6. Nge2 e5 7. a3 a6 8. d3
g6 9. f4 Bg7 10. fxe5 Qxe5 11. Bf4 Qe7 12. Qd2 Be6 13. b4 O-O 14. O-O Qd7 15.
Bh6 Rad8 16. Bxg7 Kxg7 17. Rxf6 Kxf6 18. Qh6 Ke7 19. Ne4 Nd4 20. Qg5+ f6 21.
Qc5+ Kf7 22. Nxd4 Qxd4+ 23. Qxd4 Rxd4 24. Nc5 b6 25. Nxa6 Rd7 26. a4 Ke7 27. a5
Kd6 28. c4 bxa5 29. bxa5 Re7 30. c5+ Ke5 31. Nb4 Ree8 32. a6 Kd4 33. a7 Kxc5
34. Na6+ Kb6 35. Nb8 Rxb8 36. axb8=Q+ 1/2-1/2

[Event "4NCL/Div4/PPA2 vs. LMAO2"]
[Site "Birmingham ENG"]
[Date "2006.09.23"]
[Round "1.3"]
[White "McCorry, Robert T"]
[Black "Iyengar, Ilya"]
[Result "0-1"]
[WhiteElo "2141"]
[BlackElo "1815"]
[PlyCount "124"]
[EventDate "2006.09.23"]
[EventType "team"]
[EventRounds "11"]
[EventCountry "ENG"]
[WhiteTeam "Poisnd Pawns 2"]
[BlackTeam "London Mstrs 2"]

1. d4 Nf6 2. c4 g6 3. Nc3 Bg7 4. e4 d6 5. f3 O-O 6. Be3 c6 7. Qd2 Na6 8. Nge2
Nc7 9. Bh6 a6 10. h4 b5 11. cxb5 axb5 12. h5 e5 13. hxg6 fxg6 14. Bxg7 Kxg7 15.
O-O-O Qe8 16. a3 Be6 17. Qh6+ Kg8 18. g4 Rf7 19. dxe5 dxe5 20. Qe3 Qe7 21. Ng3
b4 22. Nb1 Ba2 23. axb4 Qxb4 24. Qc3 Qb6 25. Na3 Ra5 26. Nc4 Bxc4 27. Bxc4 Rc5
28. Kb1 Nb5 29. Bxf7+ Kxf7 30. Qb3+ Kg7 31. Ka1 Qa5+ 32. Qa2 Nc3 33. Qa3 Qxa3+
34. bxa3 Nxd1 35. Rxd1 Rc3 36. Rf1 Rxa3+ 37. Kb2 Re3 38. Kc2 Nxg4 39. Kd2 Ra3
40. Ke2 Nf6 41. Rc1 Ra6 42. Nf1 h5 43. Ne3 Kf7 44. Kf2 Ke6 45. Kg3 Ng8 46. Rc5
Kd6 47. Rc1 Ne7 48. Nc4+ Ke6 49. Rc3 g5 50. Rd3 c5 51. Rc3 Ng6 52. Ne3 Kd6 53.
Nf5+ Kc6 54. Ng7 Nf4 55. Nf5 Ra2 56. Ne3 Re2 57. Rb3 c4 58. Rc3 Kb5 59. Ra3 Kb4
60. Nc2+ Rxc2 61. Rb3+ Kc5 62. Rb5+ Kd4 0-1

[Event "4NCL/Div4/PPA2 vs. LMAO2"]
[Site "Birmingham ENG"]
[Date "2006.09.23"]
[Round "1.4"]
[White "Shaw, Dashiell"]
[Black "Taylor, Robert K"]
[Result "0-1"]
[WhiteElo "1750"]
[BlackElo "2130"]
[PlyCount "118"]
[EventDate "2006.09.23"]
[EventType "team"]
[EventRounds "11"]
[EventCountry "ENG"]
[WhiteTeam "London Mstrs 2"]
[BlackTeam "Poisnd Pawns 2"]

1. e4 c5 2. Nf3 d6 3. d4 Nf6 4. Nc3 Qa5 5. Bd2 cxd4 6. Nxd4 Nc6 7. Nd5 Qd8 8.
Nxf6+ gxf6 9. Be3 Bd7 10. f3 e6 11. Qd2 a6 12. O-O-O Qc7 13. Be2 Na5 14. Nb3
Nxb3+ 15. axb3 a5 16. Bd4 a4 17. Qc3 Qxc3 18. Bxc3 axb3 19. cxb3 Be7 20. Bb4
Rg8 21. g4 Bc6 22. Rhe1 Ra1+ 23. Kc2 Rxd1 24. Rxd1 d5 25. exd5 Bxd5 26. Bb5+
Kf8 27. Bxe7+ Kxe7 28. h3 Bxf3 29. Rd7+ Kf8 30. Rd8+ Kg7 31. Rxg8+ Kxg8 32. Kc3
Kf8 33. Kd4 Ke7 34. b4 h6 35. Bd3 Bg2 36. h4 Bf3 37. Be4 Bxe4 38. Kxe4 Kd6 39.
Kd4 e5+ 40. Ke4 Kc6 41. Kf5 Kd5 42. Kxf6 e4 43. Kxf7 e3 44. g5 hxg5 45. hxg5 e2
46. g6 e1=Q 47. g7 Qe6+ 48. Kf8 Qf6+ 49. Kg8 Ke6 50. Kh7 Qf5+ 51. Kh8 Qh5+ 52.
Kg8 Qh6 53. Kf8 Kf6 54. Ke8 Qxg7 55. Kd8 Ke6 56. Kc8 Kd6 57. Kb8 Kc6 58. b3 Kb6
59. b5 Qg8# 0-1

[Event "4NCL/Div4/PPA2 vs. LMAO2"]
[Site "Birmingham ENG"]
[Date "2006.09.23"]
[Round "1.5"]
[White "Bailey, Kevin"]
[Black "Rigby-Zeglache, Elyes"]
[Result "1-0"]
[WhiteElo "2091"]
[BlackElo "1705"]
[PlyCount "87"]
[EventDate "2006.09.23"]
[EventType "team"]
[EventRounds "11"]
[EventCountry "ENG"]
[WhiteTeam "Poisnd Pawns 2"]
[BlackTeam "London Mstrs 2"]

1. c4 e5 2. Nc3 d6 3. d4 Nd7 4. Nf3 g6 5. e4 Bg7 6. Be2 Ngf6 7. O-O O-O 8. Be3
Re8 9. d5 h6 10. Ne1 Nf8 11. Nd3 g5 12. c5 Ng6 13. g3 Bh3 14. Re1 Qd7 15. f3 g4
16. Nf2 h5 17. cxd6 Qxd6 18. fxg4 hxg4 19. Nxg4 Bxg4 20. Bxg4 Qb4 21. Bf5 Qxb2
22. Qd3 b6 23. Nb5 Re7 24. Reb1 Qxa1 25. Rxa1 Rd8 26. Nxa7 Ree8 27. Nc6 Rd6 28.
Bd2 Nxd5 29. Qc2 Nde7 30. Nxe7+ Nxe7 31. Rf1 Red8 32. Bg5 f6 33. Be3 Rd3 34.
Be6+ Kf8 35. Qxc7 R8d6 36. Bd5 R6xd5 37. exd5 Rxd5 38. Qxb6 e4 39. a4 Rd3 40.
a5 Nd5 41. Bc5+ Kg8 42. Qe6+ Kh8 43. Qe8+ Kh7 44. Qxe4+ 1-0

[Event "4NCL/Div4/PPA2 vs. LMAO2"]
[Site "Birmingham ENG"]
[Date "2006.09.23"]
[Round "1.6"]
[White "Graham, Henry"]
[Black "Jeffries, Majid"]
[Result "0-1"]
[WhiteElo "1570"]
[BlackElo "2022"]
[PlyCount "96"]
[EventDate "2006.09.23"]
[EventType "team"]
[EventRounds "11"]
[EventCountry "ENG"]
[WhiteTeam "London Mstrs 2"]
[BlackTeam "Poisnd Pawns 2"]

1. d4 d5 2. Nf3 Nf6 3. Bf4 c5 4. c3 Nc6 5. e3 Bg4 6. h3 Bxf3 7. Qxf3 Qb6 8. Qe2
e6 9. Qc2 Be7 10. Nd2 O-O 11. Bd3 Rac8 12. O-O cxd4 13. exd4 Nxd4 14. Qb1 Nc6
15. Nf3 h6 16. Ne5 Nxe5 17. Bxe5 Nd7 18. Bd4 Bc5 19. Bxc5 Nxc5 20. Bc2 f5 21.
Re1 Ne4 22. Bxe4 fxe4 23. Qc2 Rf6 24. Rf1 e3 25. fxe3 Qxe3+ 26. Rf2 d4 27. Qe2
Rxf2 28. Qxf2 Qxf2+ 29. Kxf2 dxc3 30. bxc3 Rxc3 31. Kg1 Rc2 32. a3 Kf7 33. Rd1
Ke7 34. Rb1 b6 35. Rb3 e5 36. Re3 Ke6 37. Kh2 Rc4 38. Kg3 b5 39. Rb3 a6 40. Re3
Kf5 41. Kf3 Rf4+ 42. Ke2 Re4 43. g4+ Kf4 44. Rxe4+ Kxe4 45. Kd2 a5 46. Kc2 Kd4
47. Kd2 b4 48. axb4 axb4 0-1

[Event "4NCL/Div4/AMCAH vs. LEICS"]
[Site "Birmingham ENG"]
[Date "2006.09.23"]
[Round "1.1"]
[White "Tart, Peter K"]
[Black "Byron, Alan M"]
[Result "0-1"]
[WhiteElo "1965"]
[BlackElo "2260"]
[PlyCount "68"]
[EventDate "2006.09.23"]
[EventType "team"]
[EventRounds "11"]
[EventCountry "ENG"]
[WhiteTeam "AMCA Hippos"]
[BlackTeam "Leicester"]

1. e4 c6 2. d4 d5 3. Nc3 dxe4 4. f3 exf3 5. Qxf3 Nf6 6. Bd3 Bg4 7. Qf2 e6 8. h3
Bh5 9. Nge2 Bxe2 10. Nxe2 Bd6 11. O-O Nbd7 12. c4 Qe7 13. Be3 h6 14. Nc3 a6 15.
Rae1 c5 16. d5 e5 17. Bf5 Rf8 18. Bxd7+ Nxd7 19. Ne4 f5 20. Nxd6+ Qxd6 21. Bf4
O-O-O 22. Rxe5 Nxe5 23. Qg3 Qg6 24. Qa3 Nd7 25. Qa5 Qb6 26. Qc3 g5 27. Be3 f4
28. Bf2 Rfe8 29. Rb1 Qg6 30. Rd1 g4 31. Bh4 gxh3 32. Qxh3 Re3 33. Qh2 Rg8 34.
Bf2 Re2 0-1

[Event "4NCL/Div4/AMCAH vs. LEICS"]
[Site "Birmingham ENG"]
[Date "2006.09.23"]
[Round "1.2"]
[White "Edwards, Alan"]
[Black "Tunstall, George"]
[Result "1-0"]
[WhiteElo "2131"]
[BlackElo "1810"]
[PlyCount "61"]
[EventDate "2006.09.23"]
[EventType "team"]
[EventRounds "11"]
[EventCountry "ENG"]
[WhiteTeam "Leicester"]
[BlackTeam "AMCA Hippos"]

1. e4 c5 2. c3 Nf6 3. e5 Nd5 4. d4 cxd4 5. cxd4 e6 6. Nf3 Nc6 7. Bc4 Nb6 8. Bb3
d6 9. O-O Be7 10. Nc3 O-O 11. a3 dxe5 12. dxe5 Qxd1 13. Rxd1 Nd7 14. Bf4 Nc5
15. Bc2 a5 16. Na4 Nd7 17. Be4 h6 18. Bxc6 bxc6 19. Rac1 g5 20. Bg3 c5 21. Nd2
Bb7 22. Ne4 Rfd8 23. Nd6 Bd5 24. Nxc5 Nxc5 25. Rxc5 Bxd6 26. exd6 f5 27. Be5
Rd7 28. Rc7 Rxc7 29. dxc7 a4 30. Rd4 Kf7 31. Rxa4 1-0

[Event "4NCL/Div4/AMCAH vs. LEICS"]
[Site "Birmingham ENG"]
[Date "2006.09.23"]
[Round "1.3"]
[White "Krishnan, Anand"]
[Black "Gibson, Christopher A"]
[Result "0-1"]
[WhiteElo "1810"]
[BlackElo "2021"]
[PlyCount "104"]
[EventDate "2006.09.23"]
[EventType "team"]
[EventRounds "11"]
[EventCountry "ENG"]
[WhiteTeam "AMCA Hippos"]
[BlackTeam "Leicester"]

1. d4 Nf6 2. Nf3 e6 3. Bg5 Be7 4. e3 b6 5. Bd3 Bb7 6. Nbd2 c5 7. c3 O-O 8. O-O
Nc6 9. Nb3 d6 10. Qe2 Qc8 11. Nbd2 Nd5 12. Bxe7 Ncxe7 13. Ng5 Nf6 14. Nge4 Nxe4
15. Bxe4 Nd5 16. c4 Nf6 17. Bxb7 Qxb7 18. b3 cxd4 19. exd4 d5 20. Rac1 dxc4 21.
Nxc4 Rfd8 22. Rfd1 Rac8 23. Qe5 Qc6 24. h3 h6 25. Qf4 Qd5 26. Rb1 b5 27. Ne3
Qe4 28. Qxe4 Nxe4 29. Rb2 Nc3 30. Rd3 b4 31. f3 Rc6 32. Nd1 Nb5 33. Rbd2 Rcd6
34. d5 Rxd5 35. Rxd5 Rxd5 36. Rxd5 exd5 37. Kf2 Nc3 38. Ke1 Nxd1 39. Kxd1 Kf8
40. Kd2 Ke7 41. Kd3 Kd6 42. Kd4 g5 43. g3 f5 44. f4 gxf4 45. gxf4 h5 46. h4 a6
47. Kd3 Kc5 48. Ke3 d4+ 49. Kf2 Kd5 50. Kf3 d3 51. Ke3 d2 52. Kxd2 Ke4 0-1

[Event "4NCL/Div4/AMCAH vs. LEICS"]
[Site "Birmingham ENG"]
[Date "2006.09.23"]
[Round "1.4"]
[White "Hewitt, Sean D"]
[Black "Periasamymanjula, Mani"]
[Result "1/2-1/2"]
[WhiteElo "1945"]
[BlackElo "1745"]
[PlyCount "152"]
[EventDate "2006.09.23"]
[EventType "team"]
[EventRounds "11"]
[EventCountry "ENG"]
[WhiteTeam "Leicester"]
[BlackTeam "AMCA Hippos"]

1. e4 e5 2. Bc4 Nf6 3. d3 Bc5 4. Nc3 O-O 5. a3 d6 6. Na4 Bb6 7. Nxb6 axb6 8. f4
Bg4 9. Nf3 Nc6 10. c3 d5 11. exd5 Nxd5 12. h3 Bxf3 13. Qxf3 Nxf4 14. O-O Qe7
15. Bxf4 exf4 16. Qxf4 Qc5+ 17. Kh1 Qe7 18. Rae1 Qd7 19. Re3 Nd8 20. Rg3 Ne6
21. Qg4 b5 22. Rxf7 Kxf7 23. Bb3 Ke7 24. Re3 Rf1+ 25. Kh2 Qd6+ 26. g3 Kf8 27.
Rxe6 Qc5 28. d4 Qf5 29. Qxf5+ Rxf5 30. Kg2 Re8 31. g4 Rxe6 32. Bxe6 Rf6 33. d5
c6 34. Bc8 cxd5 35. Bxb7 Re6 36. Kf3 Rf6+ 37. Ke3 Rh6 38. Bxd5 Rxh3+ 39. Kd4
Rg3 40. Be6 Ke7 41. Bc8 Rg2 42. b4 Ra2 43. Ba6 Rxa3 44. Bxb5 Kd6 45. c4 Rg3 46.
c5+ Kc7 47. Be2 Rb3 48. b5 Rb2 49. Bc4 Rf2 50. b6+ Kb8 51. Ke5 Rc2 52. Kd4 Rd2+
53. Ke4 Rg2 54. Be6 Re2+ 55. Kd5 Rd2+ 56. Ke5 Kb7 57. Bd5+ Kc8 58. Kd6 h6 59.
b7+ Kb8 60. c6 Rc2 61. Ke7 Rd2 62. Be6 Kc7 63. Bd7 Rf2 64. Bf5 Rb2 65. Kf7 g5
66. Kg7 Rb6 67. Bd7 Rb5 68. Kxh6 Rc5 69. Bf5 Rxc6+ 70. Kxg5 Rc5 71. Kf6 Kxb7
72. g5 Rc6+ 73. Be6 Rc1 74. Bg4 Rc6+ 75. Kg7 Kc7 76. Kf7 Rc5 1/2-1/2

[Event "4NCL/Div4/AMCAH vs. LEICS"]
[Site "Birmingham ENG"]
[Date "2006.09.23"]
[Round "1.5"]
[White "Meechan, Catriona"]
[Black "Turner, Lewis"]
[Result "0-1"]
[WhiteElo "1720"]
[BlackElo "1990"]
[PlyCount "82"]
[EventDate "2006.09.23"]
[EventType "team"]
[EventRounds "11"]
[EventCountry "ENG"]
[WhiteTeam "AMCA Hippos"]
[BlackTeam "Leicester"]

1. Nf3 d5 2. g3 Nf6 3. Bg2 c5 4. c3 Nc6 5. d4 e6 6. O-O Bd6 7. Nbd2 Qc7 8. Qc2
O-O 9. e4 dxe4 10. Nxe4 Nxe4 11. Qxe4 cxd4 12. Nxd4 Nxd4 13. Qxd4 e5 14. Qd5
Rb8 15. Be3 Be6 16. Qf3 b6 17. Rfd1 Rfd8 18. Qc6 Qe7 19. Bd5 Rbc8 20. Qb5 Bg4
21. f3 Bh5 22. Qe2 Kh8 23. Bf2 f5 24. Rd2 e4 25. g4 fxg4 26. fxg4 Qg5 27. h3
Qf4 28. Be1 Bc5+ 29. Kh1 e3 30. Rdd1 Bg6 31. Qf3 Qe5 32. Bg3 Qe7 33. c4 Rxd5
34. Kh2 Rxd1 35. Rxd1 e2 36. Re1 Re8 37. a3 Qe3 38. Qd5 Be4 39. Qd7 Rf8 40.
Qxa7 Rf2+ 41. Kg1 Qxg3# 0-1

[Event "4NCL/Div4/AMCAH vs. LEICS"]
[Site "Birmingham ENG"]
[Date "2006.09.23"]
[Round "1.6"]
[White "Hewitt, Graham"]
[Black "Jerzynek, Neil"]
[Result "1/2-1/2"]
[WhiteElo "1730"]
[BlackElo "1660"]
[PlyCount "87"]
[EventDate "2006.09.23"]
[EventType "team"]
[EventRounds "11"]
[EventCountry "ENG"]
[WhiteTeam "Leicester"]
[BlackTeam "AMCA Hippos"]

1. e4 e6 2. d3 d5 3. Nd2 dxe4 4. Nxe4 Nf6 5. Be3 Nxe4 6. dxe4 Qxd1+ 7. Rxd1 Nc6
8. c3 Bd7 9. Bb5 Rd8 10. Bxc6 Bxc6 11. Rxd8+ Kxd8 12. f3 e5 13. Ne2 Bd6 14. Kf2
Ke7 15. c4 b6 16. b3 Ke6 17. g4 Rd8 18. Rd1 Be7 19. Rxd8 Bxd8 20. Nc3 Be7 21.
Nd5 Bd6 22. h4 Bd7 23. b4 c6 24. c5 cxd5 25. exd5+ Kxd5 26. cxd6 Kxd6 27. g5
Kd5 28. Bc1 Kc4 29. a3 a5 30. bxa5 bxa5 31. Bd2 a4 32. Kg3 Kd3 33. Bb4 Ke2 34.
Bf8 g6 35. Bd6 Bc6 36. Bxe5 Bxf3 37. Bd6 Ke3 38. Bb4 Ke4 39. Bf8 Bd1 40. Bb4
Ke5 41. Bc5 f5 42. gxf6 Kxf6 43. Bb4 h6 44. Bc5 1/2-1/2